Obálka Náhled e-knihy:
Epub
Pro půjčování e-knih musíte být přihlášeni.
Jak si půjčit online?

Život ptáků /

Kniha představuje pestrý život ptáků a ptačí svět.

Uloženo v:
Hlavní autor: Attenborough, David, 1926- (Autor)
Další autoři: Jeníková, Jitka (Autor)
Médium: E-kniha
Jazyk:Czech
Vydáno: Praha : Práh, 2024
Vydání:Vydání první
Témata:
Tagy:
Žádné tagy
LEADER 02605nam a2200541 i 4500
001 284441
003 CZ PrSKC
005 20250321062908.0
007 ta
008 241128s2024 xr af e f 001 0 cze
015 |a cnb003645345 
020 |a 9788076960282  |q (vázáno) 
035 |a (OCoLC)1483791637 
040 |a OLA001  |b cze  |d ABA001  |e rda 
041 1 |a cze  |h eng 
072 7 |a 59  |x Zoologie  |2 Konspekt 
080 |a 598.2  |2 MRF 
080 |a 591.58  |2 MRF 
080 |a 591.5  |2 MRF 
080 |a (0.062)  |2 MRF 
100 1 |a Attenborough, David,  |d 1926-  |7 jn19990000302  |4 aut 
240 1 0 |a Life of birds.  |l Česky 
245 1 0 |a Život ptáků /  |c David Attenborough ; přeložila Jitka Jeníková 
250 |a Vydání první 
264 1 |a Praha :  |b Práh,  |c 2024 
300 |a 262 stran, 64 nečíslovaných stran obrazových příloh :  |b ilustrace (převážně barevné) ;  |c 24 cm 
336 |a text  |b txt  |2 rdacontent 
337 |a bez média  |b n  |2 rdamedia 
338 |a svazek  |b nc  |2 rdacarrier 
500 |a Přeloženo z angličtiny 
500 |a Obsahuje rejstřík 
520 2 |a Kniha představuje pestrý život ptáků a ptačí svět.  |b Vydání je doplněno o nejaktuálnější poznatky, a tvoří tak vynikající úvod do ptačí problematiky. Napomáhá k pochopení toho, jak se ptáci chovají a co je k tomu vede, a odhaluje zásadní fáze v ptačím životě i nesnáze, se kterými se musí ptáci vypořádat. Prozkoumává učení se létat, hledání potravy, komunikaci, páření a péči o hnízda, vejce a mláďata, migraci, boj s nebezpečím i přežívání v tvrdých podmínkách. Nakladatelská anotace. Kráceno. 
650 0 7 |a ptáci  |7 ph115956  |2 czenas 
650 0 7 |a komunikace živočichů  |7 ph134853  |2 czenas 
650 0 7 |a chování živočichů  |7 ph189267  |2 czenas 
650 0 7 |a ekologie živočichů  |7 ph114419  |2 czenas 
650 0 9 |a birds  |2 eczenas 
650 0 9 |a animal communication  |2 eczenas 
650 0 9 |a animal behavior  |2 eczenas 
650 0 9 |a animal ecology  |2 eczenas 
655 7 |a populárně-naučné publikace  |7 fd131864  |2 czenas 
655 9 |a popular works  |2 eczenas 
700 1 |a Jeníková, Jitka  |7 xx0126826  |4 trl 
900 |a ABA001  |b 20 
044 |a xr 
910 |a RBIT002 
998 |d 415059  |a https://core.palmknihy.cz/api/books/415059/cover?sluqa1  |b https://core.palmknihy.cz/api/books/415059/cover/400?sluqa1  |c https://core.palmknihy.cz/api/books/415059/cover/50?sluqa1  |e 2029-03-21  |g 328  |i 9788076960282  |j https://core.palmknihy.cz/api/books/415059/preview.epub  |l   |q 49  |r 1  |s https://www.palmknihy.cz/kniha/415059  |t ebook  |y 2024  |z 0 
999 |d 284439